Introduction to languages & theory of computaion (Record no. 5026)

MARC details
000 -LEADER
fixed length control field 00464nam a22001817a 4500
005 - DATE AND TIME OF LATEST TRANSACTION
control field 20180203123632.0
008 - FIXED-LENGTH DATA ELEMENTS--GENERAL INFORMATION
fixed length control field 160701b xxu||||| |||| 00| 0 eng d
020 ## - INTERNATIONAL STANDARD BOOK NUMBER
ISBN 978-0-07-066048-9
041 ## - LANGUAGE CODE
Language code of text/sound track or separate title eng
082 ## - DEWEY DECIMAL CLASSIFICATION NUMBER
Item number 20245
Classification number 004.0285
100 ## - MAIN ENTRY--AUTHOR NAME
Personal name Martin John C
245 ## - TITLE STATEMENT
Title Introduction to languages & theory of computaion
250 ## - EDITION STATEMENT
Edition statement 3rd ed.
260 ## - PUBLICATION, DISTRIBUTION, ETC. (IMPRINT)
Name of publisher Mc graw hill
Year of publication 2011
300 ## - PHYSICAL DESCRIPTION
Number of Pages 526
650 ## - SUBJECT ADDED ENTRY--TOPICAL TERM
Topical Term Information Technology
942 ## - ADDED ENTRY ELEMENTS (KOHA)
Koha item type Books
Holdings
Lost status Damaged status Collection code Home library Current library Shelving location Date acquired Source of acquisition Cost, normal purchase price Full call number Accession Number Koha item type
    CS/IT JRU Library JRU Library SHELF-49-D 01/07/2016 PURCHASE 565.00 004.0285 20245 Books
    CS/IT JRU Library JRU Library SHELF-49-D 01/07/2016 PURCHASE 565.00 004.0285 20246 Books
    CS/IT JRU Library JRU Library SHELF-49-D 01/07/2016 PURCHASE 565.00 004.0285 20247 Books
    CS/IT JRU Library JRU Library SHELF-49-D 01/07/2016 PURCHASE 565.00 004.0285 20248 Books
Lost and Paid For     JRU Library JRU Library SHELF-2-D 01/07/2016   565.00 20245 20249 Books